| 000 | 00859nam a22002657a 4500 | ||
|---|---|---|---|
| 005 | 20130402104508.0 | ||
| 010 | _aENG-105002 | ||
| 020 |
_a9788182831553 _c125.00 |
||
| 020 |
_a8182831512 _c125.00 |
||
| 020 | _c100.00 | ||
| 035 | _aEN-88535 | ||
| 035 | _aB-491318-321 | ||
| 037 | _bDBAD/PUB | ||
| 037 | _bMallika Books/Ven | ||
| 082 | _a005.43 | ||
| 100 | _aBansal, Paritosh | ||
| 245 |
_aKrishna's operating system / _cby Paritosh Bansal ; edited by Er. Sugam Rastogi _b |
||
| 260 |
_aMeerut _bKrishna Prakashan _c2011 |
||
| 270 |
_a11, Shivaji Road _bMeerut _e250001 |
||
| 300 |
_axv,204,4p. _c24cm(pbk) |
||
| 500 | _aIncludes index | ||
| 700 |
_aRastogi, Sugam _945143 |
||
| 942 |
_2ddc _cEN _h005.43 _mBAN |
||
| 999 |
_c65067 _d65067 |
||